Des Moines Metro Cities - Statistics

General Stats
  • This quiz has been taken 13 times
  • The average score is 11 of 15
Answer Stats
Hint Answer % Correct
2 Ankeny
100%
1 Des Moines
100%
4 West Des Moines
100%
7 Clive
83%
11 Grimes
83%
6 Johnston
83%
5 Urbandale
83%
3 Waukee
83%
8 Altoona
67%
10 Norwalk
67%
15 Windsor Heights
67%
9 Pleasant Hill
50%
14 Polk City
50%
13 Bondurant
33%
12 Carslile
17%
No matching quizzes found
Score Distribution
Percent of People with Each Score
Percentile by Number Answered
Your Score History
You have not taken this quiz